Loading...
| History - American | 0 | 6 | 0 | 1 | 60 | 81 | 104.17 | 0 | 4 | 0.00 | 0.00 |
| Fine Arts - Other | 0 | 6 | 1 | 0 | 55 | 89 | 117.17 | 0 | 3 | 0.00 | 0.00 |
| Social Science | 0 | 5 | 2 | 1 | 40 | 70 | 104.60 | 0 | 5 | 0.00 | 0.00 |
| Science - Physics | 0 | 4 | 0 | 1 | 40 | 106 | 116.50 | 0 | 2 | 0.00 | 0.00 |
| Religion | 0 | 5 | 2 | 1 | 40 | 55 | 84.40 | 3 | 4 | 0.00 | 0.00 |
| Philosophy | 0 | 5 | 2 | 2 | 40 | 95 | 117.00 | 0 | 3 | 0.00 | 0.00 |
| History - Other | 0 | 4 | 1 | 2 | 35 | 85 | 119.25 | 0 | 2 | 0.00 | 0.00 |
| History - European | 0 | 4 | 1 | 1 | 35 | 97 | 113.50 | 0 | 0 | 0.00 | 0.00 |
| Science - Chemistry | 0 | 3 | 0 | 1 | 30 | 111 | 115.00 | 0 | 0 | 0.00 | 0.00 |
| Literature - American | 0 | 5 | 4 | 0 | 30 | 54 | 109.60 | 1 | 4 | 0.00 | 0.00 |
| Fine Arts - Classical Music | 0 | 3 | 1 | 0 | 25 | 111 | 120.00 | 0 | 2 | 0.00 | 0.00 |
| Literature - British | 0 | 3 | 1 | 0 | 25 | 77 | 112.33 | 0 | 2 | 0.00 | 0.00 |
| Mythology | 0 | 4 | 3 | 0 | 25 | 89 | 111.00 | 1 | 4 | 0.00 | 0.00 |
| Science - Other | 0 | 3 | 1 | 0 | 25 | 91 | 110.67 | 0 | 3 | 0.00 | 0.00 |
| Fine Arts - Painting and Sculpture | 0 | 3 | 2 | 0 | 20 | 103 | 104.67 | 0 | 2 | 0.00 | 0.00 |
| Geography | 0 | 2 | 0 | 0 | 20 | 110 | 122.50 | 0 | 0 | 0.00 | 0.00 |
| Pop Culture | 0 | 2 | 0 | 1 | 20 | 94 | 101.50 | 0 | 1 | 0.00 | 0.00 |
| Literature - European | 0 | 2 | 1 | 0 | 15 | 116 | 127.50 | 0 | 2 | 0.00 | 0.00 |
| Literature - World | 0 | 2 | 1 | 0 | 15 | 139 | 142.00 | 0 | 0 | 0.00 | 0.00 |
| Other Academic | 0 | 1 | 0 | 0 | 10 | 76 | 76.00 | 0 | 1 | 0.00 | 0.00 |
| Science - Biology | 0 | 2 | 2 | 1 | 10 | 87 | 102.50 | 0 | 1 | 0.00 | 0.00 |
| History - World | 0 | 1 | 1 | 0 | 5 | 133 | 133.00 | 0 | 1 | 0.00 | 0.00 |